The forestry crisis in the Philippines (Record no. 9044)

000 -LEADER
fixed length control field 00386pab a2200145 454500
008 - FIXED-LENGTH DATA ELEMENTS--GENERAL INFORMATION
fixed length control field 180718b1990 xxu||||| |||| 00| 0 eng d
100 ## - MAIN ENTRY--PERSONAL NAME
Personal name Bautista, Germelino M.
245 ## - TITLE STATEMENT
Title The forestry crisis in the Philippines
Remainder of title Nature, causes and issues
260 ## - PUBLICATION, DISTRIBUTION, ETC.
Date of publication, distribution, etc. 1990
300 ## - PHYSICAL DESCRIPTION
Extent 67-94
362 ## - DATES OF PUBLICATION AND/OR SEQUENTIAL DESIGNATION
Dates of publication and/or sequential designation Mar.
650 ## - SUBJECT ADDED ENTRY--TOPICAL TERM
Topical term or geographic name entry element Forests - Philippines
773 ## - HOST ITEM ENTRY
Main entry heading Developing Economies
909 ## -
-- 9044
Holdings
Withdrawn status Lost status Damaged status Not for loan Permanent Location Current Location Date acquired Serial Enumeration / chronology Barcode Date last seen Price effective from Koha item type
        Indian Institute of Public Administration Indian Institute of Public Administration 2018-07-19 Volume no: 28, Issue no: 1 AR9058 2018-07-19 2018-07-19 Articles

Powered by Koha